Normal view
MARC view
Entry Personal Name
001 - CONTROL NUMBER
- control field: 11298
003 - CONTROL NUMBER IDENTIFIER
- control field: dpl
005 - DATE AND TIME OF LATEST TRANSACTION
- control field: 20100811160430.0
008 - FIXED-LENGTH DATA ELEMENTS
- fixed length control field: 100811|||a|||||| | ||| d
040 ## - CATALOGING SOURCE
- Original cataloging agency: dpl
- Transcribing agency: dpl
100 ## - HEADING--PERSONAL NAME
- Personal name: Mary, Francis J.
670 ## - SOURCE DATA FOUND
- Source citation: Work cat.: (dpl): Mary, Francis J., Organisational Behaviour /, 2009
670 ## - SOURCE DATA FOUND
- Source citation: Work cat.: (dpl): Mary, Francis J., Organisational Behaviour /, 2009
